Statystyki dla 99 Najdłuższych Ulic w Warszawie

Kliknij tutaj aby rozwiązać quiz!

Ogólne statystyki

  • Ten quiz został rozwiązany 96 razy
    (91 od ostatniego zresetowania)
  • Średni wynik to 17 z 106

Statystyki odpowiedzi

Pozycja na LiścieUlice% Poprawnych
3Aleje Jerozolimskie
83%
54Marszałkowska
69%
2Puławska
69%
1Wał Miedzeszyński
54%
12Aleja ,,Solidarności"
46%
43 (44)Wolska
44%
16Żwirki i Wigury
44%
29Aleja Niepodległości
42%
20 (21)Górczewska
42%
8Toruńska
40%
6Modlińska
39%
30 (31)Aleja Krakowska
38%
25Grochowska
38%
52Grójecka
38%
13 (14)Powstańców Śląskich
38%
36Sobieskiego
38%
38 (39)Czerniakowska
33%
72 (74)Jana Pawła II
33%
9Wybrzeże Gdyńskie
32%
13Aleja Wilanowska
31%
20Radzymińska
31%
81 (82)Wołoska
29%
20 (22)Aleja Komisji Edukacji Narodowej
28%
23Jagiellońska
28%
32 (34)Aleja Armii Ludowej
26%
32 (35)Aleja Jana Pawła II
25%
10 (11)Patriotów
24%
7Płochocińska
24%
4Trakt Lubelski
24%
99 (104)Okopowa
22%
32 (33)Ostrobramska
22%
41 (42)Połczyńska
22%
85 (86)Powązkowska
22%
40Racławicka
22%
93 (95)Kasprzaka
21%
58 (62)Marsa
21%
13 (15)Przyczółkowa
21%
68 (70)Kondratowicza
19%
58Marymoncka
19%
30Aleja Prymasa Tysiąclecia
17%
93 (96)Koszykowa
17%
72Trakt Brzeski
17%
54 (55)Rosoła
15%
36 (37)Światowida
15%
38Czecha
14%
32Nowoursynowska
14%
63 (64)Woronicza
14%
58 (60)Broniewskiego
13%
81 (84)Domaniewska
13%
72 (75)Kasprowicza
13%
43 (45)Marywilska
13%
93 (98)Obozowa
13%
85 (88)Dolina Służewiecka
11%
99 (103)Nowogrodzka
11%
43Radiowa
11%
48 (51)Aleja Armii Krajowej
10%
10Białołęcka
10%
5Wał Zawadowski
10%
28Wólczyńska
10%
99 (100)Aleja Jerzego Waszyngtona
8%
99 (105)Aleja Rzeczypospolitej
8%
17Mehoffera
8%
99Człuchowska
7%
58 (61)Głębocka
7%
85Łopuszańska
7%
76 (79)Kobiałka
6%
48 (49)Świętego Wincentego
6%
76Gwiaździsta
4%
46Myśliborska
4%
46 (47)Olesin
4%
17 (18)Ostródzka
4%
85 (90)Rotmistrza Witolda Pileckiego
4%
66 (67)Wirażowa
4%
93 (97)Aleja 4 Czerwca 1989 roku
3%
63 (65)Aleja Generała Józefa Becka
3%
26 (27)Aleja Obrońców Grodna
3%
23 (24)Bruzdowa
3%
63Płaskowickiej
3%
85 (91)Poleczki
3%
99 (106)Świderska
3%
17 (19)Syta
3%
93 (94)Włodarzewska
3%
52 (53)Zabraniecka
3%
41Zdziarska
3%
85 (87)Aleja Generała Tadeusza Bora-Komorowskiego
1%
26Aleja Legionów Piłsudskiego
1%
68 (69)Berensona
1%
99 (102)Jana Olbrachta
1%
58 (59)Karczunkowska
1%
81 (83)Komitetu Obrony Robotników
1%
66Malborska
1%
93Rybałtów
1%
68Baletowa
0%
99 (101)Cylichowska
0%
76 (78)Gościniec
0%
54 (56)Izbicka
0%
54 (57)Laurowa
0%
71Moczydłowska
0%
48Mrówcza
0%
85 (89)Nowaka-Jeziorańskiego
0%
85 (92)Prusa
0%
76 (77)Przełęczy
0%
48 (50)Raczkiewicza
0%
72 (73)Skalnicowa
0%
81Świerszcza
0%
76 (80)Szeligowska
0%

Rozkład punktacji

Percentyl według liczby udzielonych odpowiedzi

Procent ludzi z każdym wynikiem

Twoja historia wyników

Nie rozwiązałeś tego quizu od ostatniego zresetowania